000 00221nam a22000857a 4500
008 170614b xxu||||| |||| 00| 0 eng d
100 _93410
_aSharma. S. N
245 _aMental Mathematics - 1
260 _aNew Delhi
_bG. B. P
_c2008
999 _c6772
_d6772